Szabadtartású tehenek takarmányozása a laktáció különböző időszakában
Elmentve itt :
| Szerző: | |
|---|---|
| További közreműködők: | |
| Dokumentumtípus: | Szakdolgozat |
| Megjelent: |
1985
|
| Kulcsszavak: | Takarmányozás Laktáció Szarvasmarha-tenyésztés |
| Tárgyszavak: | |
| Online Access: | http://diploma.bibl.u-szeged.hu/98785 |
| LEADER | 00939nta a2200265 i 4500 | ||
|---|---|---|---|
| 001 | dipl98785 | ||
| 005 | 20220204145351.0 | ||
| 008 | 220204s1985 hu om 0|| hun d | ||
| 040 | |a SZTE Diploma Repozitórium |b hun | ||
| 041 | |a hun | ||
| 100 | 1 | |a Nagy Tibor | |
| 245 | 1 | 0 | |a Szabadtartású tehenek takarmányozása a laktáció különböző időszakában |h [elektronikus dokumentum] / |c Tibor Nagy |
| 260 | |c 1985 | ||
| 300 | |a 43 | ||
| 650 | 4 | |a Agrár | |
| 650 | 4 | |a Agricultural sciences | |
| 650 | 4 | |a Animal and Dairy science | |
| 650 | 4 | |a Animal and dairy science | |
| 695 | |a Takarmányozás | ||
| 695 | |a Laktáció | ||
| 695 | |a Szarvasmarha-tenyésztés | ||
| 700 | 0 | 1 | |a Huszár Lajos |e ths |
| 700 | 0 | 1 | |a Szél Margit |e ths |
| 856 | 4 | 0 | |u https://diploma.bibl.u-szeged.hu/id/eprint/98785/1/1985_nagy_tibor.pdf |z Dokumentum-elérés |
| 856 | 4 | 0 | |u https://diploma.bibl.u-szeged.hu/id/eprint/98785/2/1985_nagy_tibor_002.pdf |z Dokumentum-elérés |